| 000 | 00544nam a2200169Ia 4500 | ||
|---|---|---|---|
| 999 |
_c28533 _d28533 |
||
| 003 | OSt | ||
| 005 | 20210107133138.0 | ||
| 008 | 190216s9999||||xx |||||||||||||| ||und|| | ||
| 040 | _coclc | ||
| 082 |
_a494.81282421 _bACH/A |
||
| 100 |
_aAchuthanunni, Chathanathu _98018 |
||
| 245 | 0 |
_aAlankara Sashthram Malayalathil / _cChathanathu Achuthanunni |
|
| 260 |
_bKerala Bhasha Institute / _aThiruvananthapuram: _c2003. |
||
| 300 | _a675p | ||
| 650 | _aSahithyam | ||
| 942 |
_cBK _2ddc _h494.81282421 _iACH/A _k494.81282421 _mACH/A |
||